000 00913nam a22002897a 4500
001 BR8803716
003 BR-BrBNA
005 20230928092941.0
007 ta
008 230509b bl.||||| |||| 00| 0 por d
040 _aBR-BrBNA
_bpor
_cBiblioteca Nacional de Agricultura
041 _a(Por)
072 _aE70
_b1600
_b/G514
090 _ 1600 BR8803716
110 1 _aCentrais de Abastecimento do Estado do Rio de Janeiro S.A., Rio de Janeiro (Brasil)
_91376
245 1 _aEstudos especificos. Grupo: hortalicas folha-flor-haste. Analise da comercializacao de produtos hortigranjeiros. v. 1
260 3 _aRio de Janeiro, RJ (Brasil):
_c1986.
300 _a46 p.
500 _a15 tables; 14 graphs; 5 ref.
650 _aHORTALICA FOLHOSA
650 _aOFERTA
650 _aPRECO
650 _aMERCADO ATACADISTA
650 _aRIO DE JANEIRO
909 _a202309
_bLucia
_c55
_dLucia Elande
942 _cBK
999 _c42163
_d42163